<?xml version="1.0" encoding="UTF-8"?>
<marc:record xmlns:marc="http://www.loc.gov/MARC21/slim">
   <marc:leader>00000nam a2200000 a 4500</marc:leader>
   <marc:datafield ind1="1" ind2=" " tag="100">
      <marc:subfield code="a">Kelly, Erin Entrada</marc:subfield>
      <marc:subfield code="4">aut</marc:subfield>
      <marc:subfield code="e">Verfasser/-in</marc:subfield>
   </marc:datafield>
   <marc:datafield ind1=" " ind2=" " tag="653">
      <marc:subfield code="a">Antolin</marc:subfield>
   </marc:datafield>
   <marc:datafield ind1=" " ind2=" " tag="653">
      <marc:subfield code="a">Klasse-6</marc:subfield>
   </marc:datafield>
   <marc:datafield ind1="0" ind2="0" tag="245">
      <marc:subfield code="a">Charlotte &amp; Ben</marc:subfield>
   </marc:datafield>
   <marc:datafield ind1=" " ind2="1" tag="264">
      <marc:subfield code="b">dtv</marc:subfield>
      <marc:subfield code="c">2020</marc:subfield>
   </marc:datafield>
   <marc:datafield ind1="1" ind2=" " tag="520">
      <marc:subfield code="a">Ein Freund ist der größte Schatz, den's gibt

Charlotte und Ben haben viel gemeinsam: Sie sind hochbegabt, haben Sorgen um ihre Eltern, sind nicht gerade beliebt und versuchen die Schule ohne allzu viele Kratzer zu überstehen. Kennengelernt haben sie sich beim Online Scrabble. Und ohne sich jemals gesehen zu haben - schließlich liegen zwischen ihren Wohnorten mehr als 2.000 km - erzählen sich Charlotte und Ben am Telefon ganz viel über sich selbst. Allerdings hat das, was sie sich erzählen, nicht immer etwas mit der Wahrheit zu tun. Sie nutzen die Chance, die Person zu sein, die sie gern wären. Dabei merken sie, dass der zu sein, der man ist, viel besser ist, als der zu sein, den andere aus einem machen wollen.</marc:subfield>
   </marc:datafield>
   <marc:datafield ind1=" " ind2=" " tag="020">
      <marc:subfield code="a">9783423640640</marc:subfield>
      <marc:subfield code="9">9783423640640</marc:subfield>
   </marc:datafield>
</marc:record>
